| 000 | 00996nam a22003137a 4500 | ||
|---|---|---|---|
| 001 | BR0805986 | ||
| 003 | BR-BrBNA | ||
| 005 | 20230928102717.0 | ||
| 007 | ta | ||
| 008 | 230509b bl.||||| |||| 00| 0 por d | ||
| 040 |
_aBR-BrBNA _bpor _cBiblioteca Nacional de Agricultura |
||
| 041 | _a(Por) | ||
| 072 |
_aL02; L51 _b5214 _b1220 |
||
| 090 | _ 5214 BR0805986 | ||
| 100 | 1 | _aPimentel, P.G. | |
| 110 | 1 |
_aUniversidade Federal de Minas Gerais, Belo Horizonte (Brasil). Escola de Veterinária _0Tese (Doutor em Zootecnia) |
|
| 245 | 1 | _aDigestão e desempenho de vacas leiteiras consumindo dietas com castanha de caju | |
| 260 | 3 |
_aBelo Horizonte, MG (Brasil): _c2007. |
|
| 300 | _a95 p. | ||
| 500 | _aSummaries (Eng, Por); SWeveral bibliography; 27 tables; 18 illus. | ||
| 650 | _aGADO LEITEIRO | ||
| 650 | _aRAÇÃO | ||
| 650 | _aDIETA | ||
| 650 | _aCASTANHA DE CAJU | ||
| 650 | _aDIGESTÃO | ||
| 650 | _aCONSUMO ALIMENTAR | ||
| 909 |
_a202309 _bLucia _c55 _dLucia Elande |
||
| 942 | _cBK | ||
| 999 |
_c72149 _d72149 |
||